| 000 | 01109cam a22003257a 4500 | ||
|---|---|---|---|
| 003 | CHAP | ||
| 005 | 20220329133340.0 | ||
| 008 | 971013s1987 r 00010 d | ||
| 010 | _a5269 | ||
| 011 | _a6241 | ||
| 035 | _a5461 | ||
| 040 | _cCHAP | ||
| 082 |
_a338.972 I58 _bPue. |
||
| 110 |
_aInstituto Nacional de Estadística, Geografía e Informática. México _959304 |
||
| 245 | 0 |
_aCuaderno de información para la planeación _b: Puebla |
|
| 260 |
_aMéxico, D.F. : _bEl Instituto, _c1987 |
||
| 300 | _a415 p. | ||
| 590 |
_aBATCH-UPD _b10 _c20130109 _lUCH01 _h2339 |
||
| 590 |
_aBATCH-UPD _b10 _c20130110 _lUCH01 _h2246 |
||
| 590 |
_aBATCH-UPD _b10 _c20130409 _lUCH01 _h1907 |
||
| 590 |
_aBATCH-UPD _b10 _c20130410 _lUCH01 _h1540 |
||
| 590 |
_aBATCH-UPD _b10 _c20130914 _lUCH01 _h1947 |
||
| 590 |
_aCONVERSION _b10 _c20130109 _lUCH01 _h1304 |
||
| 650 | 1 | 4 |
_aPuebla _xCondiciones económicas. _992870 |
| 650 | 1 | 4 |
_aPuebla _xCondiciones sociales. _992872 |
| 650 | 1 | 4 |
_aPuebla _xEstadísticas. _992876 |
| 901 | _aBK | ||
| 942 | _cLIBRO | ||
| 949 |
_a338.972 I58 Pue. _bBC _cINEGI _d33724000122487 _eINEGI _h71841 _i5461 _si |
||
| 999 |
_c5269 _d5269 |
||